[Event "ODJM B 2025"]
[Site "Willingen GER"]
[Date "2025.06.09"]
[Round "3"]
[White "Cilo, Seyyid"]
[Black "Kandora, Max"]
[Result "1/2-1/2"]
[Termination "normal"]
[Board "10"]
[WhiteElo "1717"]
[BlackElo "1878"]
[WhiteClock "00:08:44"]
[BlackClock "00:23:14"]
[PlyCount "95"]
[WhiteFideId "34615938"]
[BlackFideId "34684239"]
[EventCountry "GER"]
[EventRounds "9"]
[EventType "swiss"]
[EventDate "2025.06.07"]

1. d4 {[%clk 01:30:55]} {[%emt 00:00:04]} f5 {[%clk 01:30:58]} {[%emt
00:00:03]} 2. Nf3 {[%clk 01:31:19]} {[%emt 00:00:05]} Nf6 {[%clk 01:31:24]}
{[%emt 00:00:04]} 3. g3 {[%clk 01:31:42]} {[%emt 00:00:07]} g6 {[%clk
01:31:47]} {[%emt 00:00:07]} 4. Bg2 {[%clk 01:31:54]} {[%emt 00:00:19]} Bg7
{[%clk 01:32:13]} {[%emt 00:00:03]} 5. c3 {[%clk 01:32:10]} {[%emt 00:00:15]}
d6 {[%clk 01:32:14]} {[%emt 00:00:29]} 6. O-O {[%clk 01:31:33]} {[%emt
00:01:06]} O-O {[%clk 01:32:37]} {[%emt 00:00:08]} 7. Re1 {[%clk 01:29:45]}
{[%emt 00:02:17]} Nbd7 {[%clk 01:31:31]} {[%emt 00:01:37]} 8. Ng5 {[%clk
01:26:14]} {[%emt 00:04:01]} Nb6 {[%clk 01:31:52]} {[%emt 00:00:08]} 9. Qb3+
{[%clk 01:24:49]} {[%emt 00:01:55]} d5 {[%clk 01:32:06]} {[%emt 00:00:17]} 10.
Nd2 {[%clk 01:23:59]} {[%emt 00:01:20]} h6 {[%clk 01:26:09]} {[%emt 00:06:26]}
11. Ngf3 {[%clk 01:21:39]} {[%emt 00:02:51]} Kh7 {[%clk 01:24:03]} {[%emt
00:02:35]} 12. Ne5 {[%clk 01:19:00]} {[%emt 00:03:09]} Be6 {[%clk 01:13:21]}
{[%emt 00:11:13]} 13. a4 {[%clk 01:11:25]} {[%emt 00:08:06]} a5 {[%clk
01:08:45]} {[%emt 00:05:05]} 14. Qc2 {[%clk 01:08:42]} {[%emt 00:03:13]} Ne4
{[%clk 00:55:52]} {[%emt 00:13:22]} 15. f3 {[%clk 01:04:09]} {[%emt 00:05:03]}
Nxd2 {[%clk 00:53:23]} {[%emt 00:02:59]} 16. Bxd2 {[%clk 01:04:09]} {[%emt
00:00:30]} Bxe5 {[%clk 00:52:59]} {[%emt 00:00:54]} 17. dxe5 {[%clk 01:04:15]}
{[%emt 00:00:24]} Nc4 {[%clk 00:53:21]} {[%emt 00:00:09]} 18. f4 {[%clk
01:04:06]} {[%emt 00:00:38]} Nxd2 {[%clk 00:51:35]} {[%emt 00:02:16]} 19. Qxd2
{[%clk 01:03:34]} {[%emt 00:01:02]} c6 {[%clk 00:51:49]} {[%emt 00:00:17]} 20.
Qd4 {[%clk 01:02:35]} {[%emt 00:01:28]} Qc7 {[%clk 00:51:16]} {[%emt 00:01:03]}
21. Qc5 {[%clk 00:57:02]} {[%emt 00:06:04]} Ra6 {[%clk 00:48:21]} {[%emt
00:03:25]} 22. e3 {[%clk 00:54:06]} {[%emt 00:03:25]} b6 {[%clk 00:44:48]}
{[%emt 00:04:04]} 23. Qa3 {[%clk 00:50:58]} {[%emt 00:03:37]} c5 {[%clk
00:42:31]} {[%emt 00:02:47]} 24. Red1 {[%clk 00:48:36]} {[%emt 00:02:52]} Rd8
{[%clk 00:42:35]} {[%emt 00:00:26]} 25. Qb3 {[%clk 00:44:50]} {[%emt 00:04:16]}
c4 {[%clk 00:39:44]} {[%emt 00:03:21]} 26. Qb5 {[%clk 00:41:38]} {[%emt
00:03:42]} Qb7 {[%clk 00:39:30]} {[%emt 00:00:44]} 27. Qxc4 {[%clk 00:38:14]}
{[%emt 00:03:55]} Raa8 {[%clk 00:37:25]} {[%emt 00:02:35]} 28. Qb5 {[%clk
00:35:30]} {[%emt 00:03:13]} Rac8 {[%clk 00:37:25]} {[%emt 00:00:30]} 29. Rd4
{[%clk 00:33:07]} {[%emt 00:02:54]} Bf7 {[%clk 00:37:31]} {[%emt 00:00:22]} 30.
Ra3 {[%clk 00:30:53]} {[%emt 00:02:45]} Rc5 {[%clk 00:34:13]} {[%emt 00:03:48]}
31. Qd3 {[%clk 00:29:36]} {[%emt 00:01:47]} Qc7 {[%clk 00:31:02]} {[%emt
00:03:41]} 32. Kf2 {[%clk 00:26:26]} {[%emt 00:03:40]} e6 {[%clk 00:31:07]}
{[%emt 00:00:25]} 33. Ra1 {[%clk 00:26:06]} {[%emt 00:00:50]} Rc8 {[%clk
00:31:20]} {[%emt 00:00:17]} 34. Qd2 {[%clk 00:25:17]} {[%emt 00:01:19]} b5
{[%clk 00:27:30]} {[%emt 00:04:21]} 35. axb5 {[%clk 00:18:19]} {[%emt
00:07:27]} Rxb5 {[%clk 00:27:25]} {[%emt 00:00:34]} 36. Bf1 {[%clk 00:17:52]}
{[%emt 00:00:58]} Rb6 {[%clk 00:26:04]} {[%emt 00:01:52]} 37. Rxa5 {[%clk
00:14:17]} {[%emt 00:04:04]} Rxb2 {[%clk 00:26:29]} {[%emt 00:00:05]} 38. Qxb2
{[%clk 00:14:31]} {[%emt 00:00:16]} Qxa5 {[%clk 00:26:55]} {[%emt 00:00:04]}
39. Qb7 {[%clk 00:13:35]} {[%emt 00:01:27]} Rc7 {[%clk 00:27:18]} {[%emt
00:00:07]} 40. Qb4 {[%clk 00:13:14]} {[%emt 00:00:51]} Qxb4 {[%clk 00:25:51]}
{[%emt 00:01:57]} 41. cxb4 {[%clk 00:13:30]} {[%emt 00:00:13]} Rc2+ {[%clk
00:26:16]} {[%emt 00:00:05]} 42. Be2 {[%clk 00:13:10]} {[%emt 00:00:50]} Be8
{[%clk 00:25:43]} {[%emt 00:01:03]} 43. Ke1 {[%clk 00:12:35]} {[%emt 00:01:05]}
Rb2 {[%clk 00:25:37]} {[%emt 00:00:36]} 44. h3 {[%clk 00:11:36]} {[%emt
00:01:29]} Kg7 {[%clk 00:24:10]} {[%emt 00:01:57]} 45. g4 {[%clk 00:10:31]}
{[%emt 00:01:35]} Kf7 {[%clk 00:23:46]} {[%emt 00:00:54]} 46. gxf5 {[%clk
00:10:32]} {[%emt 00:00:29]} gxf5 {[%clk 00:23:56]} {[%emt 00:00:20]} 47. Kd1
{[%clk 00:09:19]} {[%emt 00:01:43]} Ba4+ {[%clk 00:23:14]} {[%emt 00:01:12]}
48. Ke1 {[%clk 00:08:44]} {[%emt 00:01:05]} 1/2-1/2

[Event "ODJM B 2025"]
[Site "Willingen GER"]
[Date "2025.06.09"]
[Round "3"]
[White "Claussen, Daniela"]
[Black "Aguike, Chidera"]
[Result "0-1"]
[Termination "normal"]
[Board "11"]
[WhiteElo "1567"]
[BlackElo "1838"]
[WhiteClock "00:12:47"]
[BlackClock "00:29:18"]
[PlyCount "60"]
[WhiteFideId "16248929"]
[BlackFideId "34611339"]
[EventCountry "GER"]
[EventRounds "9"]
[EventType "swiss"]
[EventDate "2025.06.07"]

1. b3 {[%clk 01:30:55]} {[%emt 00:00:03]} d5 {[%clk 01:30:55]} {[%emt
00:00:06]} 2. Bb2 {[%clk 01:31:07]} {[%emt 00:00:18]} Bg4 {[%clk 01:31:03]}
{[%emt 00:00:22]} 3. Nf3 {[%clk 01:29:18]} {[%emt 00:02:19]} e6 {[%clk
01:30:04]} {[%emt 00:01:29]} 4. e3 {[%emt 00:01:41]} Nd7 {[%clk 01:29:46]} 5.
Be2 {[%clk 01:28:12]} {[%emt 00:01:13]} Ngf6 {[%clk 01:30:08]} {[%emt
00:00:08]} 6. Ne5 {[%clk 01:27:48]} {[%emt 00:00:54]} Bxe2 {[%clk 01:29:25]}
{[%emt 00:01:14]} 7. Qxe2 {[%clk 01:28:05]} {[%emt 00:00:12]} Nxe5 {[%clk
01:22:52]} {[%emt 00:07:03]} 8. Bxe5 {[%clk 01:28:15]} {[%emt 00:00:19]} c6
{[%clk 01:22:14]} {[%emt 00:01:09]} 9. d3 {[%clk 01:26:19]} {[%emt 00:02:27]}
Be7 {[%clk 01:21:48]} {[%emt 00:00:55]} 10. O-O {[%clk 01:24:36]} {[%emt
00:02:12]} O-O {[%clk 01:21:51]} {[%emt 00:00:28]} 11. Nd2 {[%clk 01:22:22]}
{[%emt 00:02:44]} Nd7 {[%clk 01:16:28]} {[%emt 00:05:53]} 12. Bb2 {[%clk
01:17:05]} {[%emt 00:05:47]} Bf6 {[%clk 01:14:09]} {[%emt 00:02:49]} 13. d4
{[%clk 01:14:34]} {[%emt 00:03:01]} c5 {[%clk 01:12:49]} {[%emt 00:01:51]} 14.
Nf3 {[%clk 01:08:41]} {[%emt 00:06:23]} Qc7 {[%clk 01:09:31]} {[%emt 00:03:47]}
15. Rac1 {[%clk 01:05:28]} {[%emt 00:03:43]} Qa5 {[%clk 01:03:58]} {[%emt
00:06:03]} 16. a4 {[%clk 01:03:04]} {[%emt 00:02:53]} Rac8 {[%clk 01:01:36]}
{[%emt 00:02:52]} 17. Ba3 {[%clk 00:56:57]} {[%emt 00:06:38]} Rfe8 {[%clk
01:00:07]} {[%emt 00:01:59]} 18. c4 {[%clk 00:51:10]} {[%emt 00:06:17]} cxd4
{[%clk 00:53:40]} {[%emt 00:06:57]} 19. exd4 {[%clk 00:48:25]} {[%emt
00:03:15]} e5 {[%clk 00:43:21]} {[%emt 00:10:48]} 20. Rfe1 {[%clk 00:43:14]}
{[%emt 00:05:42]} e4 {[%clk 00:39:55]} {[%emt 00:03:55]} 21. Kh1 {[%clk
00:37:26]} {[%emt 00:06:18]} h6 {[%clk 00:38:40]} {[%emt 00:01:45]} 22. Ne5
{[%clk 00:31:43]} {[%emt 00:06:14]} Bxe5 {[%clk 00:37:22]} {[%emt 00:01:48]}
23. dxe5 {[%clk 00:32:00]} {[%emt 00:00:12]} Nxe5 {[%clk 00:37:42]} {[%emt
00:00:11]} 24. cxd5 {[%clk 00:28:59]} {[%emt 00:03:31]} Nd3 {[%clk 00:37:17]}
{[%emt 00:00:55]} 25. Rxc8 {[%clk 00:28:39]} {[%emt 00:00:50]} Rxc8 {[%clk
00:37:34]} {[%emt 00:00:12]} 26. Rd1 {[%clk 00:27:55]} {[%emt 00:01:14]} Qb6
{[%clk 00:34:55]} {[%emt 00:03:09]} 27. Kg1 {[%clk 00:26:02]} {[%emt 00:02:23]}
Qxb3 {[%clk 00:33:57]} {[%emt 00:01:29]} 28. Be7 {[%clk 00:20:28]} {[%emt
00:06:03]} Qxd5 {[%clk 00:31:16]} {[%emt 00:03:12]} 29. Qe3 {[%clk 00:14:05]}
{[%emt 00:06:53]} Qe6 {[%clk 00:29:13]} {[%emt 00:02:33]} 30. Bh4 {[%clk
00:12:47]} {[%emt 00:01:47]} Qg4 {[%clk 00:29:18]} {[%emt 00:00:26]} 0-1

[Event "ODJM B 2025"]
[Site "Willingen GER"]
[Date "2025.06.09"]
[Round "3"]
[White "Lattreuter, Alexander"]
[Black "Thoms, Eric"]
[Result "1-0"]
[Termination "normal"]
[Board "12"]
[WhiteElo "1898"]
[BlackElo "1716"]
[WhiteClock "00:20:24"]
[BlackClock "00:43:58"]
[PlyCount "113"]
[WhiteFideId "34678387"]
[BlackFideId "34623450"]
[EventCountry "GER"]
[EventRounds "9"]
[EventType "swiss"]
[EventDate "2025.06.07"]

1. e4 {[%clk 01:30:32]} {[%emt 00:00:27]} e5 {[%clk 01:30:53]} {[%emt
00:00:08]} 2. d4 {[%clk 01:30:49]} {[%emt 00:00:13]} exd4 {[%clk 01:31:13]}
{[%emt 00:00:09]} 3. c3 {[%clk 01:31:14]} {[%emt 00:00:07]} dxc3 {[%clk
01:30:21]} {[%emt 00:01:21]} 4. Bc4 {[%clk 01:31:40]} {[%emt 00:00:04]} Nf6
{[%clk 01:29:39]} {[%emt 00:01:12]} 5. Nxc3 {[%clk 01:31:53]} {[%emt 00:00:17]}
Bb4 {[%clk 01:28:00]} {[%emt 00:02:08]} 6. e5 {[%clk 01:25:54]} {[%emt
00:06:30]} Bxc3+ {[%clk 01:17:00]} {[%emt 00:11:30]} 7. bxc3 {[%clk 01:26:19]}
{[%emt 00:00:05]} d5 {[%clk 01:17:20]} {[%emt 00:00:10]} 8. exf6 {[%clk
01:26:34]} {[%emt 00:00:15]} dxc4 {[%clk 01:17:43]} {[%emt 00:00:07]} 9. Qxd8+
{[%clk 01:26:56]} {[%emt 00:00:07]} Kxd8 {[%clk 01:18:04]} {[%emt 00:00:10]}
10. fxg7 {[%clk 01:27:21]} {[%emt 00:00:05]} Rg8 {[%clk 01:18:21]} {[%emt
00:00:13]} 11. Bh6 {[%clk 01:27:19]} {[%emt 00:00:32]} Be6 {[%clk 01:17:41]}
{[%emt 00:01:10]} 12. Nf3 {[%clk 01:26:23]} {[%emt 00:01:26]} Nd7 {[%clk
01:16:00]} {[%emt 00:02:11]} 13. Rd1 {[%clk 01:15:52]} {[%emt 00:11:01]} Ke7
{[%clk 01:14:29]} {[%emt 00:02:01]} 14. O-O {[%clk 01:08:29]} {[%emt 00:07:53]}
Rad8 {[%clk 01:11:50]} {[%emt 00:03:09]} 15. Nd4 {[%clk 01:06:55]} {[%emt
00:02:05]} c5 {[%clk 01:10:12]} {[%emt 00:02:07]} 16. Nxe6 {[%clk 01:05:16]}
{[%emt 00:02:10]} fxe6 {[%clk 01:10:33]} {[%emt 00:00:08]} 17. f4 {[%clk
01:04:58]} {[%emt 00:00:47]} Nf6 {[%clk 01:08:44]} {[%emt 00:02:19]} 18. Rde1
{[%clk 01:04:16]} {[%emt 00:01:12]} Rd5 {[%clk 01:05:44]} {[%emt 00:03:31]} 19.
Re2 {[%clk 00:54:15]} {[%emt 00:10:32]} Kf7 {[%clk 01:03:41]} {[%emt 00:02:33]}
20. Rfe1 {[%clk 00:53:06]} {[%emt 00:01:38]} Re8 {[%clk 00:59:39]} {[%emt
00:04:32]} 21. Bg5 {[%clk 00:50:44]} {[%emt 00:02:52]} Rf5 {[%clk 00:49:00]}
{[%emt 00:11:09]} 22. h3 {[%clk 00:42:56]} {[%emt 00:08:18]} Ng8 {[%clk
00:48:48]} {[%emt 00:00:42]} 23. g4 {[%clk 00:42:42]} {[%emt 00:00:45]} Rd5
{[%clk 00:49:11]} {[%emt 00:00:06]} 24. f5 {[%clk 00:40:17]} {[%emt 00:02:55]}
Kxg7 {[%clk 00:45:46]} {[%emt 00:03:55]} 25. Rxe6 {[%clk 00:39:15]} {[%emt
00:01:32]} Rxe6 {[%clk 00:45:46]} {[%emt 00:00:29]} 26. Rxe6 {[%clk 00:39:42]}
{[%emt 00:00:04]} Rd3 {[%clk 00:45:39]} {[%emt 00:00:37]} 27. Re3 {[%clk
00:34:19]} {[%emt 00:05:52]} Rd1+ {[%clk 00:44:59]} {[%emt 00:01:10]} 28. Kf2
{[%clk 00:34:39]} {[%emt 00:00:10]} Rd2+ {[%clk 00:45:22]} {[%emt 00:00:08]}
29. Re2 {[%clk 00:34:47]} {[%emt 00:00:22]} Rd3 {[%clk 00:45:45]} {[%emt
00:00:07]} 30. Rd2 {[%clk 00:32:15]} {[%emt 00:03:01]} Rxc3 {[%clk 00:41:07]}
{[%emt 00:05:08]} 31. Rd7+ {[%clk 00:32:35]} {[%emt 00:00:11]} Kf8 {[%clk
00:41:30]} {[%emt 00:00:07]} 32. Rxh7 {[%clk 00:26:43]} {[%emt 00:06:23]} Rc2+
{[%clk 00:34:55]} {[%emt 00:07:05]} 33. Ke3 {[%clk 00:26:16]} {[%emt 00:00:55]}
Rxa2 {[%clk 00:31:18]} {[%emt 00:04:08]} 34. f6 {[%clk 00:24:33]} {[%emt
00:02:13]} Ra1 {[%clk 00:28:46]} {[%emt 00:03:02]} 35. f7 {[%clk 00:23:18]}
{[%emt 00:01:45]} b5 {[%clk 00:29:05]} {[%emt 00:00:11]} 36. fxg8=R+ {[%clk
00:21:57]} {[%emt 00:01:50]} Kxg8 {[%clk 00:29:13]} {[%emt 00:00:22]} 37. Rc7
{[%clk 00:20:34]} {[%emt 00:01:53]} Ra3+ {[%clk 00:29:24]} {[%emt 00:00:20]}
38. Ke4 {[%clk 00:20:14]} {[%emt 00:00:50]} Rxh3 {[%clk 00:29:16]} {[%emt
00:00:38]} 39. Rxc5 {[%clk 00:19:22]} {[%emt 00:01:22]} a6 {[%clk 00:28:04]}
{[%emt 00:01:43]} 40. Kf5 {[%clk 00:15:18]} {[%emt 00:04:34]} Rf3+ {[%clk
00:25:01]} {[%emt 00:03:32]} 41. Kg6 {[%clk 00:15:27]} {[%emt 00:00:21]} Rf8
{[%clk 00:25:19]} {[%emt 00:00:12]} 42. Rc7 {[%clk 00:14:10]} {[%emt 00:01:47]}
Re8 {[%clk 00:25:11]} {[%emt 00:00:38]} 43. Ra7 {[%clk 00:13:14]} {[%emt
00:01:26]} Rc8 {[%clk 00:25:16]} {[%emt 00:00:25]} 44. Rxa6 {[%clk 00:10:34]}
{[%emt 00:03:10]} c3 {[%clk 00:25:33]} {[%emt 00:00:12]} 45. Rb6 {[%clk
00:10:24]} {[%emt 00:00:42]} c2 {[%clk 00:25:57]} {[%emt 00:00:05]} 46. Bc1
{[%clk 00:10:48]} {[%emt 00:00:06]} Rd8 {[%clk 00:23:47]} {[%emt 00:02:40]} 47.
g5 {[%clk 00:09:31]} {[%emt 00:01:47]} b4 {[%clk 00:23:12]} {[%emt 00:01:05]}
48. Bb2 {[%clk 00:04:28]} {[%emt 00:05:33]} Rc8 {[%clk 00:23:23]} {[%emt
00:00:18]} 49. Re6 {[%clk 00:02:22]} {[%emt 00:02:36]} b3 {[%clk 00:23:23]}
{[%emt 00:00:32]} 50. Re1 {[%clk 00:28:23]} {[%emt 00:04:29]} Rc6+ {[%clk
00:49:24]} {[%emt 00:04:28]} 51. Kh5 {[%clk 00:28:39]} {[%emt 00:00:13]} Rc8
{[%clk 00:46:38]} {[%emt 00:03:17]} 52. g6 {[%clk 00:28:41]} {[%emt 00:00:27]}
Rc5+ {[%clk 00:46:49]} {[%emt 00:00:19]} 53. Kh6 {[%clk 00:29:00]} {[%emt
00:00:12]} Rc8 {[%clk 00:47:12]} {[%emt 00:00:08]} 54. Re3 {[%clk 00:22:25]}
{[%emt 00:07:05]} Rb8 {[%clk 00:43:52]} {[%emt 00:03:49]} 55. Rc3 {[%clk
00:20:03]} {[%emt 00:02:52]} Rd8 {[%clk 00:43:38]} {[%emt 00:00:44]} 56. Rxb3
{[%clk 00:20:12]} {[%emt 00:00:21]} Rc8 {[%clk 00:43:58]} {[%emt 00:00:09]} 57.
Bc1 {[%clk 00:20:24]} {[%emt 00:00:19]} 1-0

[Event "ODJM B 2025"]
[Site "Willingen GER"]
[Date "2025.06.09"]
[Round "3"]
[White "Ott, Claudius"]
[Black "Briese, Paul"]
[Result "0-1"]
[Termination "normal"]
[Board "13"]
[WhiteElo "1835"]
[BlackElo "1665"]
[WhiteClock "00:18:18"]
[BlackClock "00:22:25"]
[PlyCount "70"]
[WhiteFideId "34621024"]
[BlackFideId "16273826"]
[EventCountry "GER"]
[EventRounds "9"]
[EventType "swiss"]
[EventDate "2025.06.07"]

1. e4 {[%clk 01:30:55]} {[%emt 00:00:04]} e5 {[%clk 01:30:55]} {[%emt
00:00:05]} 2. f4 {[%clk 01:31:22]} {[%emt 00:00:04]} d5 {[%clk 01:31:12]}
{[%emt 00:00:13]} 3. exd5 {[%clk 01:31:46]} {[%emt 00:00:06]} c6 {[%clk
01:30:54]} {[%emt 00:00:47]} 4. Ne2 {[%clk 01:32:11]} {[%emt 00:00:05]} exf4
{[%clk 01:29:40]} {[%emt 00:01:44]} 5. Nxf4 {[%clk 01:32:17]} {[%emt 00:00:25]}
cxd5 {[%clk 01:29:13]} {[%emt 00:00:57]} 6. d4 {[%clk 01:32:30]} {[%emt
00:00:16]} Nc6 {[%clk 01:27:32]} {[%emt 00:02:11]} 7. Be2 {[%clk 01:30:19]}
{[%emt 00:02:41]} Nf6 {[%clk 01:26:04]} {[%emt 00:01:58]} 8. O-O {[%clk
01:28:55]} {[%emt 00:01:54]} Bd6 {[%clk 01:19:13]} {[%emt 00:07:20]} 9. Nc3
{[%clk 01:25:48]} {[%emt 00:03:38]} O-O {[%clk 01:17:12]} {[%emt 00:02:31]} 10.
Bf3 {[%clk 01:22:10]} {[%emt 00:04:07]} Qb6 {[%clk 00:59:08]} {[%emt 00:18:35]}
11. Nfe2 {[%clk 00:56:10]} {[%emt 00:26:29]} Be6 {[%clk 00:51:03]} {[%emt
00:08:34]} 12. Bg5 {[%clk 00:50:16]} {[%emt 00:06:25]} Be5 {[%clk 00:42:02]}
{[%emt 00:09:32]} 13. Be3 {[%clk 00:44:09]} {[%emt 00:06:36]} Bd6 {[%clk
00:40:40]} {[%emt 00:01:53]} 14. Kh1 {[%clk 00:40:24]} {[%emt 00:04:14]} h6
{[%clk 00:40:33]} {[%emt 00:00:39]} 15. Rb1 {[%clk 00:34:33]} {[%emt 00:06:20]}
Rae8 {[%clk 00:37:47]} {[%emt 00:03:15]} 16. Qd2 {[%clk 00:24:39]} {[%emt
00:10:24]} Na5 {[%clk 00:37:32]} {[%emt 00:00:46]} 17. b3 {[%clk 00:24:54]}
{[%emt 00:00:15]} Bb4 {[%clk 00:36:19]} {[%emt 00:01:43]} 18. Qd3 {[%clk
00:24:09]} {[%emt 00:01:15]} Qc6 {[%clk 00:32:26]} {[%emt 00:04:24]} 19. Nd1
{[%clk 00:22:15]} {[%emt 00:02:23]} Qd7 {[%clk 00:31:04]} {[%emt 00:01:52]} 20.
c3 {[%clk 00:21:45]} {[%emt 00:01:00]} Bf5 {[%clk 00:30:02]} {[%emt 00:01:32]}
21. Qd2 {[%clk 00:21:47]} {[%emt 00:00:27]} Bxb1 {[%clk 00:28:43]} {[%emt
00:01:50]} 22. cxb4 {[%clk 00:21:57]} {[%emt 00:00:20]} Nc6 {[%clk 00:29:03]}
{[%emt 00:00:09]} 23. Ndc3 {[%clk 00:21:00]} {[%emt 00:01:27]} Be4 {[%clk
00:25:41]} {[%emt 00:03:52]} 24. b5 {[%clk 00:20:13]} {[%emt 00:01:18]} Nd8
{[%clk 00:24:50]} {[%emt 00:01:20]} 25. Bxe4 {[%clk 00:19:16]} {[%emt
00:01:28]} Nxe4 {[%clk 00:24:54]} {[%emt 00:00:26]} 26. Nxe4 {[%clk 00:19:43]}
{[%emt 00:00:04]} Rxe4 {[%clk 00:24:53]} {[%emt 00:00:29]} 27. Nc3 {[%clk
00:19:16]} {[%emt 00:00:58]} Re6 {[%clk 00:24:14]} {[%emt 00:01:08]} 28. Rf5
{[%clk 00:18:33]} {[%emt 00:01:13]} Rxe3 {[%clk 00:23:09]} {[%emt 00:01:35]}
29. Nxd5 {[%clk 00:18:46]} {[%emt 00:00:18]} Qxf5 {[%clk 00:23:03]} {[%emt
00:00:35]} 30. Nxe3 {[%clk 00:18:26]} {[%emt 00:00:51]} Qb1+ {[%clk 00:23:15]}
{[%emt 00:00:17]} 31. Nd1 {[%clk 00:18:38]} {[%emt 00:00:19]} Re8 {[%clk
00:23:01]} {[%emt 00:00:44]} 32. h3 {[%clk 00:18:57]} {[%emt 00:00:11]} Qe4
{[%clk 00:22:51]} {[%emt 00:00:38]} 33. Kh2 {[%clk 00:18:15]} {[%emt 00:01:13]}
g5 {[%clk 00:22:55]} {[%emt 00:00:27]} 34. Qb4 {[%clk 00:18:07]} {[%emt
00:00:38]} Qf4+ {[%clk 00:22:37]} {[%emt 00:00:48]} 35. Kg1 {[%clk 00:18:18]}
{[%emt 00:00:19]} Ne6 {[%clk 00:22:25]} {[%emt 00:00:41]} 0-1

[Event "ODJM B 2025"]
[Site "Willingen GER"]
[Date "2025.06.09"]
[Round "3"]
[White "Dominik, Anton"]
[Black "Völpel, Alexander"]
[Result "1/2-1/2"]
[Termination "normal"]
[Board "14"]
[WhiteElo "2015"]
[BlackElo "1709"]
[WhiteClock "00:16:59"]
[BlackClock "00:39:05"]
[PlyCount "45"]
[WhiteFideId "34694501"]
[BlackFideId "34603131"]
[EventCountry "GER"]
[EventRounds "9"]
[EventType "swiss"]
[EventDate "2025.06.07"]

1. e4 {[%clk 01:30:50]} {[%emt 00:00:10]} e5 {[%clk 01:30:50]} {[%emt
00:00:11]} 2. Bc4 {[%clk 01:30:56]} {[%emt 00:00:24]} Nf6 {[%clk 01:30:52]}
{[%emt 00:00:27]} 3. Nc3 {[%clk 01:31:05]} {[%emt 00:00:21]} Bc5 {[%clk
01:30:46]} {[%emt 00:00:36]} 4. d3 {[%clk 01:31:13]} {[%emt 00:00:23]} h6
{[%clk 01:30:39]} {[%emt 00:00:37]} 5. f4 {[%clk 01:28:45]} {[%emt 00:02:57]}
d6 {[%clk 01:27:03]} {[%emt 00:04:07]} 6. Nf3 {[%clk 01:23:10]} {[%emt
00:06:04]} Nc6 {[%clk 01:25:56]} {[%emt 00:01:37]} 7. h3 {[%clk 01:13:22]}
{[%emt 00:10:19]} Nd4 {[%clk 01:09:50]} {[%emt 00:16:36]} 8. fxe5 {[%clk
01:05:37]} {[%emt 00:08:15]} Nxf3+ {[%clk 01:08:54]} {[%emt 00:01:26]} 9. Qxf3
{[%clk 01:04:28]} {[%emt 00:01:39]} dxe5 {[%clk 01:09:08]} {[%emt 00:00:16]}
10. Bd2 {[%clk 01:01:32]} {[%emt 00:03:26]} Qe7 {[%clk 01:06:54]} {[%emt
00:02:44]} 11. O-O-O {[%clk 00:56:36]} {[%emt 00:05:26]} Be6 {[%clk 01:03:22]}
{[%emt 00:04:01]} 12. Nd5 {[%clk 00:49:24]} {[%emt 00:07:43]} Nxd5 {[%clk
01:02:25]} {[%emt 00:01:26]} 13. exd5 {[%clk 00:49:22]} {[%emt 00:00:33]} Bd7
{[%clk 01:02:40]} {[%emt 00:00:14]} 14. Rhf1 {[%clk 00:39:44]} {[%emt
00:10:08]} Bd6 {[%clk 00:59:53]} {[%emt 00:03:17]} 15. Rde1 {[%clk 00:37:41]}
{[%emt 00:02:34]} f6 {[%clk 00:57:13]} {[%emt 00:03:10]} 16. d4 {[%clk
00:33:33]} {[%emt 00:04:38]} O-O-O {[%clk 00:56:49]} {[%emt 00:00:54]} 17. dxe5
{[%clk 00:31:13]} {[%emt 00:02:49]} Bxe5 {[%clk 00:55:37]} {[%emt 00:01:41]}
18. Bf4 {[%clk 00:28:14]} {[%emt 00:03:29]} Qb4 {[%clk 00:50:00]} {[%emt
00:06:06]} 19. Bxe5 {[%clk 00:25:30]} {[%emt 00:03:17]} Qxc4 {[%clk 00:48:58]}
{[%emt 00:01:32]} 20. Bh2 {[%clk 00:21:18]} {[%emt 00:04:42]} Rhe8 {[%clk
00:43:35]} {[%emt 00:05:52]} 21. b3 {[%clk 00:17:56]} {[%emt 00:03:52]} Qb4
{[%clk 00:42:18]} {[%emt 00:01:45]} 22. Rd1 {[%clk 00:16:59]} {[%emt 00:01:29]}
Qe4 {[%clk 00:39:05]} {[%emt 00:03:43]} 23. Qxe4 {[%emt 00:07:34]} 1/2-1/2